000 00793cab a2200241 4500
001 WB3436-15
008 090401t1998 xxu||||| |||| 00| 0 eng d
035 _a(Sirsi) u88605
041 _aeng
245 _aPowering ahead with PFI
260 _c1998
350 _a0
490 _aScotsman
_v22 September 1998, 2(1)
520 _aResearch by Henderson Boyd Jackson suggests that Scotland is set to see an expansion in the number of projects funded by the PFI over the next three years, with smaller developments increasingly being funded in this way.
650 _aFUNDING
650 _aPFI
650 _aPRIVATE FINANCE INITIATIVE
650 _aPRIVATE FUNDING
650 _aSCOTLAND
690 _aPROPERTY-PROPERTY FINANCE AND INVESTMENT
942 _n0
948 _c23/09/1998
999 _c56011
_d56011